Modelling and forecasting the real exchange rate SKK/CZK

Gespeichert in:
Bibliographische Detailangaben
1. Verfasser: Rublíková, Eva
Format: Buchkapitel
Sprache:Englisch
Tags: Tag hinzufügen
Keine Tags, Fügen Sie das erste Tag hinzu!

MARC

LEADER 00000naa$a2200000$$$4500
001 0094718
005 20240502083240.4
041 0 |a eng 
044 |a PL 
245 1 0 |a Modelling and forecasting the real exchange rate SKK/CZK  |c Eva Rublíková 
100 1 |a Rublíková, Eva